| 000 | 00390nam a2200109Ia 4500 | ||
|---|---|---|---|
| 008 | 220204s9999 xx 000 0 und d | ||
| 082 |
_a657.34:624 _bCHR |
||
| 245 | 0 | _aEstimating for building and civil engineering works: Incorporating building and public works administration estimating and costing | |
| 260 |
_aLondon _bNewnes-Butterworths _c1951 |
||
| 700 | _aChrystal-Smith, G | ||
| 942 | _cBK | ||
| 999 |
_c27093 _d27093 |
||